| 000 | 00434nam a2200193Ia 4500 | ||
|---|---|---|---|
| 005 | 20240823034923.0 | ||
| 008 | 240823s9999||||xx |||||||||||||| ||und|| | ||
| 020 | _a978-1-60994-699-9 | ||
| 041 | _aENGLISH | ||
| 082 | _A650.1 N8 | ||
| 100 | _aBarbara Moses | ||
| 245 | 0 | _aCareer Intelligence | |
| 250 | _a1st | ||
| 260 |
_c1998 _bCollins Bus |
||
| 500 | _aYES | ||
| 650 |
_aGeneral _bGeneral |
||
| 942 | _cBK | ||
| 999 |
_c199447 _d199447 |
||